000
00343nam a2200145Ia 4500
008
151213s9999 xx 000 0 und d
100
_a
A.T. Dev
245
_a
English to Bengali
_c
A.T. Dev
260
_a
India
_b
A.C. Mazumder
_c
1999
300
_a
5076 p.
650
_a
Dictionary
650
_a
Reference
700
_a
A.T. Dev
999
_c
3135
_d
3135